23愛知県の市区町村(選択形式) - Statistics

General Stats
  • This quiz has been taken 64 times
  • The average score is 45 of 69
Answers on the Map
Answers color-coded by a green-red scale on the quiz's map according to % correct below.
 
Answer Stats
Answer % Correct
18:岡崎市
86%
27:豊田市
84%
31:犬山市
81%
46:田原市
81%
63:南知多町
81%
29:西尾市
78%
32:常滑市
78%
69:豊根村
78%
17:豊橋市
76%
19:一宮市
76%
36:新城市
76%
37:東海市
76%
41:尾張旭市
76%
20:瀬戸市
73%
64:美浜町
73%
13:名古屋市守山区
70%
22:春日井市
70%
23:豊川市
70%
28:安城市
70%
30:蒲郡市
70%
67:設楽町
70%
68:東栄町
70%
03:名古屋市北区
68%
10:名古屋市中川区
68%
11:名古屋市港区
68%
35:稲沢市
68%
39:知多市
68%
50:弥富市
68%
53:長久手市
68%
65:武豊町
68%
05:名古屋市中村区
65%
12:名古屋市南区
65%
14:名古屋市緑区
65%
15:名古屋市名東区
65%
21:半田市
65%
25:碧南市
65%
40:知立市
65%
44:豊明市
65%
45:日進市
65%
49:北名古屋市
65%
51:みよし市
65%
55:豊山町
65%
61:阿久比町
65%
62:東浦町
65%
09:名古屋市熱田区
62%
16:名古屋市天白区
62%
26:刈谷市
62%
34:小牧市
62%
38:大府市
62%
42:高浜市
62%
43:岩倉市
62%
47:愛西市
62%
66:幸田町
62%
06:名古屋市中区
59%
52:あま市
59%
60:飛島村
59%
02:名古屋市東区
57%
48:清須市
57%
33:江南市
54%
57:扶桑町
54%
59:蟹江町
54%
01:名古屋市千種区
51%
04:名古屋市西区
51%
07:名古屋市昭和区
51%
54:東郷町
51%
58:大治町
51%
08:名古屋市瑞穂区
49%
24:津島市
49%
56:大口町
41%
No matching quizzes found
Score Distribution
Percent of People with Each Score
Percentile by Number Answered
Your Score History
You have not taken this quiz